000
00231nam a2200109Ia 4500
100
_a
#N/A
942
_c
BK
654
_a
internet
245
_a
Internet/ Doom 3 / Multimedia/ Office Tools
260
_b
#N/A
_c
2004
546
_a
ENGLISH
999
_c
28254
_d
28254